000
00293nam a22001337a 4500
008
190306b xxu||||| |||| 00| 0 eng d
020
_a
0881673269
041
_a
eng
080
_a
611
100
_a
7
101
_a
ANA
245
_a
The Musculoskeletal system
_c
Camble,G.J
942
_2
udc
_c
BK
999
_c
54595
_d
54595